| 000 | 00623nam a2200193Ia 4500 | ||
|---|---|---|---|
| 003 | OSt | ||
| 005 | 20250716144756.0 | ||
| 008 | 210210b1997 xxu||||| |||| 00| 0 eng d | ||
| 040 | _cAL | ||
| 041 | _aKannada | ||
| 082 | _a306.095487K TUKK | ||
| 100 |
_aTUKARAM PUJARI Samp _985287 _dತುಕಾರಾಂ ಪೂಜಾರಿ |
||
| 245 |
_aKanmareyaguttiruva tulu baduku _b ಕಣ್ಮರೆಯಾಗುತ್ತಿರುವ ತುಳು ಬದುಕು |
||
| 260 |
_aBantvala _bRani Abbakka tulu Adhyayana Kendra. _c1997 |
||
| 300 | _axii,80 | ||
| 690 |
_aIndian Society _985288 |
||
| 906 | _a051962 | ||
| 942 |
_2ddc _cBK |
||
| 999 |
_c100696 _d100696 |
||